Da - PNL - Paroles - Statistiques

Statistiques générales
  • Ce quiz a été pris 590 fois
  • Le résultat moyen est 264 sur 471
Statistiques - réponses
Réponse % Correct
Da
97%
da
97%
à
95%
la
94%
La
94%
Ma
93%
ma
93%
pa
91%
au
90%
Au
90%
dans
89%
gardien
87%
Penalty
87%
qui
87%
frappe
86%
j'souris
86%
Mowgli
86%
personne
86%
y'a
86%
l'arrête
85%
le
85%
comme
84%
Igo
84%
de
83%
pas
81%
Pas
81%
l'arène
80%
les
79%
Les
79%
me
79%
Papin
79%
Tes
77%
T'es
77%
ta
76%
ces
75%
Ciseaux
72%
Ils
72%
ils
72%
des
71%
rap
71%
c'est
70%
C'est
70%
j'ai
70%
J'ai
70%
en
69%
j'me
69%
J'me
69%
tous
69%
couilles
68%
du
68%
papa
66%
j'suis
65%
J'suis
65%
pommade
65%
rappeurs
64%
J'négocie
63%
63%
ne
63%
Ne
63%
retournée
63%
trop
63%
tapins
62%
fous
61%
vie
61%
moi
60%
mon
60%
Mon
60%
Tout
59%
tout
59%
mais
58%
Mais
58%
s'passent
58%
ténèbres
58%
J'parle
57%
man
57%
Eva
56%
Mendes
56%
un
56%
bas
55%
pour
55%
tess
55%
Aujourd'hui
54%
Avant
54%
ça
54%
fait
54%
haine
54%
moche
54%
Dis
53%
font
53%
j'étais
53%
j'plais
53%
mes
53%
Mes
53%
pénètre
53%
célèbre
52%
lui
52%
mec
52%
n'aime
52%
Toute
52%
Bats
51%
cette
51%
51%
leur
51%
on
51%
On
51%
qu'on
51%
dise
50%
frissonner
50%
m'aiment
50%
pédés
50%
plus
50%
Simba
50%
biff
49%
même
49%
ou
49%
49%
tu
49%
d'la
48%
eux
48%
mort
48%
pire
48%
bander
47%
espèce
47%
m'fait
47%
armé
46%
arme
46%
coeur
46%
jour
46%
Mecque
46%
ton
46%
Ton
46%
vers
46%
lettres
45%
l'tarot
45%
Peu
45%
rêves
45%
une
45%
dirige
44%
est
44%
jungle
44%
lèvres
44%
nda
44%
réveille
44%
amis
43%
Chaque
43%
faut
43%
nez
43%
penser
43%
bon
42%
cherche
42%
connais
42%
j'l'ai
42%
pisse
42%
qu'ces
42%
Dieu
41%
Elle
41%
gros
41%
mal
41%
semblables
41%
sorti
41%
d'nouveaux
40%
Gars
40%
gars
40%
j'leur
40%
j'vois
40%
l'respect
40%
enverra
39%
testé
39%
animal
38%
chercher
38%
couronne
38%
Faire
38%
m'envoient
38%
nous
38%
Puta
38%
leurs
37%
mères
37%
prends
37%
s'entend
37%
aime
36%
bras
36%
Hola
36%
honte
36%
médaille
36%
mortel
36%
pierre
36%
qu'j'me
36%
temps
36%
abonné
35%
bout
35%
d'une
35%
Gratte
35%
j'les
35%
patience
35%
putain
35%
chaîne
34%
fais
34%
Fais
34%
l'amitié
34%
lele
34%
'tasses
34%
cramé
33%
futur
33%
m'isoler
33%
Petit
33%
réel
33%
bibi
32%
épluche
32%
qu'elle
32%
tire
32%
Entre
31%
flicaille
31%
m'attends
31%
pote
31%
ratatata
31%
semblant
31%
sheitana
31%
voyous
31%
ange
30%
chelou
30%
devient
30%
mettre
30%
oinj
29%
séduisante
29%
street
29%
visite
29%
cas
28%
jeune
28%
frapper
27%
Hum
27%
hum
27%
j'fais
27%
J'redoute
27%
ramée
27%
avec
26%
belek
26%
d'mandats
26%
j'm'entraîne
26%
meuf
26%
sauvage
26%
gâche
25%
gorge
25%
sait
25%
possible
23%
Rico
23%
Joue
22%
million
22%
oseille
22%
toujours
22%
d'l'époque
21%
gaffe
21%
grosses
21%
J'tacle
21%
lalalala
21%
l'titi
21%
Choisis
20%
déboulent
20%
l'thug
20%
Sega
20%
sous
20%
camp
19%
hebs
19%
wallah
19%
arbre
18%
j'chante
18%
J'connais
18%
j'débarque
16%
N'aie
14%
rampampampam
14%
BPL
13%
brr
8%
poum poum
6%
papatatata
5%
Sabat
2%
Aucun quiz correspondant
Distribution des résultats
% des personnes avec chaque résultat
Percentile par nombre de réponses
Votre historique - résultats
Vous n’avez pas pris ce quiz